Niedersachsen - Quiz (mit Lösungswort) - Statistiken

Allgemein
  • Dieses Quiz wurde 56 mal gespielt
  • Das Durchschnittsergebnis liegt bei 7 aus 11
Antwortstatistiken
Frage Antwort % Korrekt
Welche ist die zweitgrößte Stadt Niedersachsens? (9) Braunschweig
100%
Welcher weltbekannte Konzern sitzt in Wolfsburg? (7) Volkswagen
100%
Welches Tier ist auf Niedersachsens Wappen zu sehen? (3) Pferd
92%
Wie heißt die Region im Nordwesten Niedersachsens, zu der u.A. Aurich und Norderney gehört? (3) Ostfriesland
90%
Welcher See, dessen Umgebung für ein Fest bekannt ist, befindet sich im Zentrum von Hannover? (1) Maschsee
82%
An dem Strand welcher Stadt befindet sich der nördlichste Punkt Niedersachsens? (7) Cuxhaven
62%
In welcher Stadt befindet sich die Meyer-Werft? (8) Papenburg
62%
Lösungswort Wattenmeer
46%
Wie heißt die, im Landkreis Goslar befindende, größte Talsperre Niedersachsens? (5) Okertalsperre
42%
Wie heißt Niedersachsens Ministerpräsident? (7) Olaf Lies
36%
Wofür ist der Ort Worpswede bekannt? (3) Künstlerdorf
32%
Keine übereinstimmenden Quizze gefunden
Verteilung der Resultate
Anzahl Personen mit jedem Resultat
Perzentil nach korrekt beantworteten Fragen
Ihre Resultats-Entwicklung
Sie haben dieses Quiz noch nicht gespielt